| 000 | 00440nmm a2200157Ia 4500 | ||
|---|---|---|---|
| 008 | 251105s9999||||xx |||||||||||||||||und|| | ||
| 020 | _a9788431531782 | ||
| 041 | _aspa | ||
| 100 | _aRiviére, Patrick | ||
| 245 | 0 | _aEl libro de las religiones monoteístas | |
| 264 |
_a[Madrid, España] : _bDe Vecchi, _c2000 |
||
| 300 | _a0 páginas | ||
| 650 | _aReligion(s) | ||
| 856 | _uhttps://public.digitaliapublishing.com/a/31122 | ||
| 942 | _cCF | ||
| 999 |
_c81293 _d81293 |
||